कला साधना के वटवृक्ष (Record no. 30087)

MARC details
000 -LEADER
fixed length control field 00425nam a22001337a 4500
003 - CONTROL NUMBER IDENTIFIER
control field SGT
020 ## - INTERNATIONAL STANDARD BOOK NUMBER
International Standard Book Number 9789380935744
082 ## - DEWEY DECIMAL CLASSIFICATION NUMBER
Classification number 891.4309
Item number K18T
100 ## - MAIN ENTRY--PERSONAL NAME
Personal name तिवारी, शशिप्रभा
245 ## - TITLE STATEMENT
Title कला साधना के वटवृक्ष
260 ## - PUBLICATION, DISTRIBUTION, ETC. (IMPRINT)
Name of publisher, distributor, etc इंदिरा गाँधी राष्ट्रीय कला केंद्र
Year of Publication 2018
300 ## - PAGE DESCRIPTION
No. of Pages 230
942 ## - ADDED ENTRY ELEMENTS (KOHA)
Source of classification or shelving scheme Dewey Decimal Classification
Koha item type Books
Holdings
Withdrawn status Lost status Source of classification or shelving scheme Damaged status Not for loan Home library Current library Shelving location Date acquired SGTU Total Checkouts Full call number Accession No. (Barcode) Date last seen Bill Date Koha item type
    Dewey Decimal Classification   Not For Loan SGT Chancellor's Library SGT Chancellor's Library Reference Book 01/03/2025 SGTU   891.4309 K18T CH2558 01/03/2025 01/03/2025 Books
    Dewey Decimal Classification   Not For Loan SGT Chancellor's Library SGT Chancellor's Library Reference Book 05/05/2025 SGTU   891.4309 K18T CH3146 05/05/2025 05/05/2025 Books